Fast Food Industry: (Record no. 14739)
[ view plain ]
| 000 -LEADER | |
|---|---|
| fixed length control field | 00655nam a22001697a 4500 |
| 008 - FIXED-LENGTH DATA ELEMENTS--GENERAL INFORMATION | |
| fixed length control field | 191121b ||||| |||| 00| 0 eng d |
| 082 ## - DEWEY DECIMAL CLASSIFICATION NUMBER | |
| Edition number | 2019 |
| Classification number | UT 1349 |
| Item number | G15 |
| 100 ## - MAIN ENTRY--PERSONAL NAME | |
| Personal name | Gapa, Decimae P. |
| 9 (RLIN) | 40697 |
| 245 ## - TITLE STATEMENT | |
| Title | Fast Food Industry: |
| Remainder of title | Customers and Managers' Perspectiveness/ |
| Statement of responsibility, etc. | Decimae P. Gapa, Shalraz J. Ausa and Hayconastadj R. Morato |
| 260 ## - PUBLICATION, DISTRIBUTION, ETC. (IMPRINT) | |
| Place of publication, distribution, etc. | Digos City |
| Name of publisher, distributor, etc. | UMDC |
| Date of publication, distribution, etc. | June 2019 |
| 300 ## - PHYSICAL DESCRIPTION | |
| Extent | 88 pages |
| Dimensions | 30cm |
| 650 ## - SUBJECT ADDED ENTRY--TOPICAL TERM | |
| Topical term or geographic name as entry element | Technical Teachers Education |
| Form subdivision | Food and Service Management |
| General subdivision | Undergraduate Thesis |
| 9 (RLIN) | 40698 |
| 700 ## - ADDED ENTRY--PERSONAL NAME | |
| Personal name | Gapa, Decimae P. |
| 9 (RLIN) | 40699 |
| 700 ## - ADDED ENTRY--PERSONAL NAME | |
| Personal name | Ausa, Shalraz J. |
| 9 (RLIN) | 40700 |
| 700 ## - ADDED ENTRY--PERSONAL NAME | |
| Personal name | Morato, Hayconastadj R. |
| 9 (RLIN) | 40701 |
| 942 ## - ADDED ENTRY ELEMENTS (KOHA) | |
| Source of classification or shelving scheme | Dewey Decimal Classification |
| Koha item type | Undergraduate Thesis |
| Withdrawn status | Lost status | Source of classification or shelving scheme | Damaged status | Not for loan | Collection code | Home library | Current library | Date acquired | Total Checkouts | Full call number | Barcode | Date last seen | Price effective from | Koha item type |
|---|---|---|---|---|---|---|---|---|---|---|---|---|---|---|
| Dewey Decimal Classification | Undergraduate Theses | UM Digos College - LIC | UM Digos College - LIC | 11/07/2019 | UT 1349 G15 2019 | UT 1349 | 11/21/2019 | 11/21/2019 | Undergraduate Thesis |
